The big heart / (Record no. 95079)

MARC details
000 -LEADER
fixed length control field 01003nam a22002537a 4500
005 - DATE AND TIME OF LATEST TRANSACTION
control field 20170810144618.0
010 ## - LCCN (DPL NO)
LC control number 1516EN07 ENG-113598
020 ## - INTERNATIONAL STANDARD BOOK NUMBER
Terms of availability 795.00
International Standard Book Number 9788170949282
035 ## - SYSTEM CONTROL NUMBER
System control number EN-97130
035 ## - SYSTEM CONTROL NUMBER
System control number B-600839-854
035 ## - SYSTEM CONTROL NUMBER
System control number B-666106
037 ## - SOURCE OF ACQUISITION
Source of stock number/acquisition DBAD/PUB
037 ## - SOURCE OF ACQUISITION
Source of stock number/acquisition Pragati/VEN
Stock number DPL
082 ## - DEWEY DECIMAL CLASSIFICATION NUMBER
Classification number N
100 ## - MAIN ENTRY--PERSONAL NAME
Personal name Anand, Mulk Raj
245 ## - TITLE STATEMENT
Title The big heart /
Statement of responsibility, etc by Mulk Raj Anand ; edited with an introduction by Saros Cowasjee
260 ## - PUBLICATION, DISTRIBUTION, ETC. (IMPRINT)
Place of publication, distribution, etc New Delhi
Name of publisher, distributor, etc Vision Books
Date of publication, distribution, etc 2015
270 ## - ADDRESS
Address 24 Feroze Gandhi Road, Lajpat Nagar - III
City New Delhi
Postal code 110024
300 ## - PHYSICAL DESCRIPTION
Extent 296p.
Dimensions 23cm(Hb)
700 ## - ADDED ENTRY--PERSONAL NAME
Personal name Cowasjee, Saros
942 ## - ADDED ENTRY ELEMENTS (KOHA)
Source of classification or shelving scheme Dewey Decimal Classification
Item type English Books
Call number suffix ANA
Classification part N
Holdings
Withdrawn status Lost status Not for loan Collection code Home library Current library Date acquired Source of acquisition Cost, normal purchase price Full call number Barcode Copy number Cost, replacement price Koha item type
      Fiction Ashok Vihar Ashok Vihar 10/08/2017 BPPD/EN/2016-17/AV/2016-17/399/15.2.2017/557/28.2.2017/ 10.3.2017 795.00 N ANA B-666106 1 795.00 English Books
      Fiction Bawana Bawana 26/07/2016 14/25.9.2015/133/16.9.2015/30.9.2015 795.00 N ANA B-600850 1 795.00 English Books
      Fiction Bawana Bawana 26/07/2016 14/25.9.2015/133/16.9.2015/30.9.2015 795.00 N ANA B-600852 1 795.00 English Books
      Fiction Central Jail Tihar Central Jail Tihar 26/07/2016 14/25.9.2015/133/16.9.2015/30.9.2015 795.00 N ANA B-600846 1 795.00 English Books
      Fiction Central Library Central Library 26/07/2016 14/25.9.2015/133/16.9.2015/30.9.2015 795.00 N ANA B-600839 1 795.00 English Books
    Not For Loan Fiction Central Library Central Library 26/07/2016 14/25.9.2015/133/16.9.2015/30.9.2015 795.00 N ANA B-600840 1 795.00 English Books
      Fiction Diz Area Diz Area 26/07/2016 14/25.9.2015/133/16.9.2015/30.9.2015 795.00 N ANA B-600847 1 795.00 English Books
      Fiction Janak Puri Janak Puri 26/07/2016 14/25.9.2015/133/16.9.2015/30.9.2015 795.00 N ANA B-600848 1 795.00 English Books
      Fiction Kasturba Gandhi Marg Kasturba Gandhi Marg 26/07/2016 14/25.9.2015/133/16.9.2015/30.9.2015 795.00 N ANA B-600843 1 795.00 English Books
      Fiction Narela Narela 26/07/2016 14/25.9.2015/133/16.9.2015/30.9.2015 795.00 N ANA B-600851 1 795.00 English Books
      Fiction New Police Line New Police Line 26/07/2016 14/25.9.2015/133/16.9.2015/30.9.2015 795.00 N ANA B-600841 1 795.00 English Books
      Fiction Patel Nagar Patel Nagar 26/07/2016 14/25.9.2015/133/16.9.2015/30.9.2015 795.00 N ANA B-600842 1 795.00 English Books
      Fiction Peshwa Road Peshwa Road 26/07/2016 14/25.9.2015/133/16.9.2015/30.9.2015 795.00 N ANA B-600844 1 795.00 English Books
      Fiction Sarojini Nagar Sarojini Nagar 26/07/2016 14/25.9.2015/133/16.9.2015/30.9.2015 795.00 N ANA B-600849 1 795.00 English Books
      Fiction Shahdara Branch Shahdara Branch 20/07/2015 DBAD/Pub. 795.00 N ANA EN-97130 1 795.00 English Books
      Fiction Shahdara Branch Shahdara Branch 26/07/2016 14/25.9.2015/133/16.9.2015/30.9.2015 795.00 N ANA B-600853 1 795.00 English Books
      Fiction Tri Nagar Tri Nagar 26/07/2016 14/25.9.2015/133/16.9.2015/30.9.2015 795.00 N ANA B-600845 1 795.00 English Books
      Fiction Yojana Vihar Yojana Vihar 26/07/2016 14/25.9.2015/133/16.9.2015/30.9.2015 795.00 N ANA B-600854 1 795.00 English Books

© Delhi Public Library
Hit Counter
free hit counter